000 00900nam a22002417a 4500
008 240610b mp ||||| |||| 00| 0 mon d
020 _a978-99973-1-472-7
035 _a24059
040 _aHUV0167120
_bmon
_cMN-UlNLM
_dMN-UlNLM
_erda
041 _amon
042 _a62903
084 _2NNA
_a84.8(7АНУ)
_bК.41
100 _aКинни Ж.
245 0 _aДүрсгүй жаалын өдрийн тэмдэглэл
264 _aУБ
_bАдмон ХХК
_c2017
300 _a248х.
336 _2rdacontent
_atext
_btxt
337 _2rdamedia
_aunmediated
_bn
338 _2rdacarrier
_avolume
_bnc
490 _v1
650 _aӨндөр, биерхүү бүр зарим нь аль хэдийн сахлаа хусдаг болоод эхэлсэн хүүхдүүдийн дэргэд Грег Хэффли болон түүний бүтэлгүй найз Ро...
942 _2NNA
_cBK
999 _c1056227
_d1056284